000 01547cam a22003978i 4500
999 _c14197
_d14197
001 20719209
005 20190904114442.0
006 m |o d |
007 cr_|||||||||||
008 181025s2018 nju ob 001 0 eng
010 _a 2018051382
020 _z978-1-119-59031-6(pbk.)
040 _aDLC
_beng
_erda
_cDLC
042 _apcc
050 1 0 _aHF5548.8
082 0 0 _aDC 158.7
_22019
_bC767
100 1 _aConte, Jeffrey M.,
_eauthor.
_939343
245 1 0 _aWork in the 21st century :
_ban introduction to industrial and organizational psychology /
_cJeffrey M. Conte, San Diego State University, Frank J. Landy, Late Professor Emeritus, Penn State University.
250 _aSixth Edition.
260 _aHoboken, N.J. :
_bWiley,
_c©2019.
263 _a1811
300 _axxiv, 676 pages:
_billustrations ;
_c25 cm.
500 _aRevised edition of the authors' Work in the 21st century, 2016.
504 _aIncludes bibliographical references and index.
650 0 _aPsychology, Industrial.
_939344
650 0 _aOrganization
_xResearch.
_939345
650 0 _aOrganizational behavior.
_939346
650 0 _aWork.
_939347
650 0 _aTwenty-first century.
_939348
700 1 _aLandy, Frank J.,
_eauthor.
_939349
776 0 8 _iPrint version:
_aConte, Jeffrey M., author.
_tWork in the 21st century
_bSixth Edition.
_dHoboken : Wiley, [2018]
_z9781119493419
_w(DLC) 2018038451
365 _b8,000.00
_cPhp
906 _a7
_bcbc
_corigcop
_d1
_eecip
_f20
_gy-gencatlg
942 _2ddc
_cDC